| 000 | 00510cam a2200205ua 4500 | ||
|---|---|---|---|
| 001 | 7324 | ||
| 008 | 141208n ii |||gr||||Z||||||ben | ||
| 020 | _a812950622X | ||
| 040 | _cMAIN | ||
| 041 | _aben | ||
| 082 | _a891.444 | ||
| 100 |
_aBandhyopadhyay, J., _eAuthor. |
||
| 245 |
_aMeghnabadh kabya : _bBikalpa path / _cBy Jayanta Bandhyopadhyay . |
||
| 250 | _a1st. | ||
| 260 |
_aCalcutta: _bDey, _c2006. |
||
| 300 | _a223p. | ||
| 653 | _aBengali essays | ||
| 700 |
_aGiri, P.S., _eAuthor. |
||
| 942 | _cBK | ||
| 999 |
_c6449 _d6449 |
||